All Marvel Movies 1986-2027 - Statistics

General Stats
  • This quiz has been taken 28 times
    22 since last reset
  • The average score is 59 of 81
Answer Stats
Hint Answer % Correct
2002 Spider-Man
100%
2012 The Amazing Spider-Man
100%
2015 Ant-Man
92%
2018 Ant-Man and the Wasp
92%
2019 Avengers Endgame
92%
2018 Avengers Infinity War
92%
2016 Captain America Civil War
92%
2011 Captain America the First Avenger
92%
2008 Iron Man
92%
2010 Iron Man 2
92%
2013 Iron Man 3
92%
2019 Spider-Man Far From Home
92%
2012 The Avengers
92%
2011 Thor
92%
2015 Avengers Age of Ultron
83%
2018 Black Panther
83%
2021 Black Widow
83%
2025 Captain America Brave New World
83%
2016 Doctor Strange
83%
2022 Doctor Strange in the Multiverse of Madness
83%
2005 Fantastic Four
83%
2014 Guardians of the Galaxy
83%
2003 Hulk
83%
2021 Shang Chi and the Legend of the Ten Rings
83%
2004 Spider-Man 2
83%
2025 The Fantastic Four First Steps
83%
2008 The Incredible Hulk
83%
2022 Thor Love and Thunder
83%
2017 Thor Ragnarok
83%
2013 Thor the Dark World
83%
2026 Avengers Doomsday
75%
1998 Blade
75%
2002 Blade 2
75%
2014 Captain America the Winter Soldier
75%
2019 Captain Marvel
75%
2021 Eternals
75%
2007 Ghost Rider
75%
2017 Guardians of the Galaxy Vol. 2
75%
2023 Guardians of the Galaxy Vol. 3
75%
2007 Spider-Man 3
75%
2017 Spider-Man Homecoming
75%
2021 Spider-Man No Way Home
75%
2023 The Marvels
75%
2013 The Wolverine
75%
2025 Thunderbolts*
75%
2023 Ant-Man and the Wasp Quantumania
67%
2022 Black Panther Wakanda Forever
67%
2004 Blade Trinity
67%
2003 Daredevil
67%
2016 Deadpool
67%
2024 Deadpool and Wolverine
67%
2007 Fantastic Four Rise of the Silver Surfer
67%
2024 Madame Web
67%
2022 Morbius
67%
2026 Spider-Man Brand New Day
67%
2014 The Amazing Spider-Man 2
67%
1989 The Punisher
67%
2004 The Punisher
67%
2000 X-Men
67%
2027 Avengers Secret Wars
58%
2019 Dark Phoenix
58%
2018 Deadpool 2
58%
2005 Elektra
58%
1986 Howard the Duck
58%
2024 Kraven the Hunter
58%
2017 Logan
58%
2020 The New Mutants
58%
2018 Venom
58%
2003 X2
58%
2016 X-Men Apocalypse
58%
2014 X-Men Days of Future Past
58%
2009 X-Men Origins Wolverine
58%
2011 Ghost Rider Spirit of Vengeance
50%
2018 Spider-Man Into the Spider-Verse
50%
2021 Venom Let There Be Carnage
50%
2024 Venom the Last Dance
50%
2011 X-Men First Class
50%
2006 X-Men the Last Stand
50%
2008 Punisher War Zone
33%
2023 Spider-Man Across the Spider-Verse
33%
2027 Spider-Man Beyond the Spider-Verse
33%
No matching quizzes found
Score Distribution
Percent of People with Each Score
Percentile by Number Answered
Your Score History
You have not taken this quiz since the last reset